Marvel Zombies (2025): Characters by Picture - Statistics

General Stats
  • This quiz has been taken 52 times
  • The average score is 39 of 51
Answer Stats
Picture Answer % Correct
Spider-Man
100%
Thanos
98%
Black Panther
95%
Captain America
95%
Red Queen
95%
Vision
95%
Captain Marvel
93%
Doctor Strange
93%
Groot
93%
Shang-Chi
93%
Wasp
93%
Iron Man
91%
Red Guardian
91%
Rocket Raccoon
91%
Yelena Belova
91%
Okoye
88%
Scott Lang
88%
Wong
88%
Blade Knight
86%
Falcon
86%
Ironheart
86%
Kamala Khan
86%
Kate Bishop
84%
Uatu the Watcher
84%
Happy Hogan
81%
Hawkeye
81%
Winter Soldier
81%
Abomination
79%
Infinity Hulk
79%
Thor
79%
Ebony Maw
77%
Namor
77%
Ikaris
74%
Black Widow
72%
Sharon Carter
72%
Baron Zemo
70%
Hank Pym
65%
Jimmy Woo
65%
John Walker
65%
Valkyrie
63%
Xu Wenwu
63%
Cull Obsidian
60%
Death Dealer
58%
Ghost
58%
Janet van Dyne
53%
Katy Chen
49%
Melina Vostokoff
49%
Kurt Goreshter
37%
Rintrah
28%
Sara Wolfe
23%
Kamran
19%
No matching quizzes found
Score Distribution
Percent of People with Each Score
Percentile by Number Answered
Your Score History
You have not taken this quiz